| 000 | 00716nam a2200229Ia 4500 | ||
|---|---|---|---|
| 001 | 12480 | ||
| 003 | GE_BSU | ||
| 008 | 181216s||||||||xx |||||||||||||| ||und|| | ||
| 040 | _cGE_BSU | ||
| 080 | _a633(075.8) | ||
| 100 | _aЯкушин,И.В. | ||
| 245 | _aРастениеводство.Растения полевой культуры | ||
| 245 | _bУч-к для высш. сельхоз учебн. завед. | ||
| 245 | _cРед.М.И.Долгополов | ||
| 250 | _a2-ое дополн.и перераб. | ||
| 260 | _aМосква | ||
| 260 | _bГоссельхозиздат | ||
| 260 | _c1953 | ||
| 300 | _a714стр.илл.27см. | ||
| 653 | _aРастениеводство | ||
| 942 | _cBK | ||
| 999 |
_c45654 _d45654 |
||